| 000 | 01969nam a2200553 i 4500 | ||
|---|---|---|---|
| 001 | 22665 | ||
| 003 | KOSZ 005 | ||
| 005 | 20200304153443.0 | ||
| 008 | 990506s1984 pl f |000 0 pol | ||
| 015 | _aUWD 1984/9189 | ||
| 020 | _a8301015748 | ||
| 035 | _a991009576159705066 | ||
| 035 | _a(PL-WaBN)b12590320-48omnis_nlop | ||
| 035 | _ab12590320 | ||
| 035 | _a(OCoLC)830234894 | ||
| 035 | _a(PL)b0000001259032 | ||
| 035 | _a(EXLNZ-48OMNIS_NETWORK)9910401438605606 | ||
| 040 |
_aWA N _cWA N _dKOSZ 005/EG |
||
| 041 | 0 | _apol | |
| 080 | _a141.8 | ||
| 100 | 0 |
_aPlaton _d(427-347 p.n.e.) _eAutor |
|
| 245 | 1 | 0 |
_aUczta ; _bEutyfron ; Obrona Sokratesa ; Kriton ; Fedon / _cPlaton ; przeł. [z grec.] oraz wstępem, objaśnieniami i il. opatrzył Władysław Witwicki. |
| 246 | 1 |
_iTyt. oryg.: _aApologia |
|
| 246 | 1 |
_iTyt. oryg.: _aEu' dúfrōn |
|
| 246 | 1 |
_iTyt. oryg.: _aFaidros |
|
| 246 | 1 |
_iTyt. oryg.: _aKritōn |
|
| 246 | 1 |
_iTyt. oryg.: _aSumpósion |
|
| 260 |
_aWarszawa : _bPańst. Wydaw. Naukowe, _c1984. |
||
| 300 |
_a538, [6] s. ; _c20 cm. |
||
| 336 |
_2rdacontent _aTekst _btxt |
||
| 337 |
_2rdamedia _aBez urządzenia pośredniczącego _bn |
||
| 338 |
_2rdacarrier _aWolumin _bnc |
||
| 380 | _aKsiążki | ||
| 388 | _a1901-2000 | ||
| 388 | _a1945-1989 | ||
| 648 | 7 |
_a400-301 p.n.e. _2DBN |
|
| 648 | 7 |
_a500-401 p.n.e. _2DBN |
|
| 650 | 7 |
_aFilozofia _2DBN |
|
| 658 | _aFilozofia i etyka | ||
| 700 | 1 |
_aWitwicki, Władysław _d(1878-1948) _eTłumaczenie |
|
| 700 | 1 | 2 |
_aPlaton _d(427-347 p.n.e.). _tEuthyfrōn |
| 700 | 1 | 2 |
_aPlaton _d(427-347 p.n.e.). _tApologia |
| 700 | 1 | 2 |
_aPlaton _d(427-347 p.n.e.). _tKriton |
| 700 | 1 | 2 |
_aPlaton _d(427-347 p.n.e.). _tFaidōn |
| 710 | 2 | _aPaństwowe Wydawnictwo Naukowe | |
| 856 |
_uhttp://koha.tu.koszalin.pl/cgi-bin/koha/opac-detail.pl?biblionumber=22665 _yKatalog online BPK |
||
| 942 |
_2UKD _cKS |
||
| 999 |
_c22665 _d22665 |
||